000 00466cam a22001577a 4500
008 180718b1989 xxu||||| |||| 00| 0 eng d
082 _aA32 Hin
245 _aBrihad Hindi kosh (Hindi)
_cedited by Kalika Prasad, Rajvallabh Sahai and Mukundilal Srivastava
250 _a6th ed.
260 _aVaranasi
_bGianmandal
_c1989
300 _a1424p.
650 _aDictionaries
700 _aSrivastava, Mukundilal
700 _aSahai, Rajvallabh
700 _aKalika Prasad
999 _c342769
_d342769